Recherche et activité économique / (Registro nro. 5308)

Detalles MARC
000 -LEADER
fixed length control field 00811nam a2200217Ia 4500
003 - CONTROL NUMBER IDENTIFIER
control field OSt
005 - DATE AND TIME OF LATEST TRANSACTION
control field 20200611114652.0
008 - FIXED-LENGTH DATA ELEMENTS--GENERAL INFORMATION
fixed length control field 191128s1969 fr ad fr 000 0 fre d
040 ## - CATALOGING SOURCE
Original cataloging agency CO-JMCR
Transcribing agency CO-JMCR
041 0# - LANGUAGE CODE
Language code of text/sound track or separate title fre
082 04 - DEWEY DECIMAL CLASSIFICATION NUMBER
Classification number 330.007 /
Item number P461r
Edition number 23
100 1# - MAIN ENTRY--PERSONAL NAME
Personal name Perroux, François,
Relator term director
9 (RLIN) 4893
245 10 - TITLE STATEMENT
Title Recherche et activité économique /
Statement of responsibility, etc. Director François Perroux
260 ## - PUBLICATION, DISTRIBUTION, ETC.
Place of publication, distribution, etc. Paris :
Name of publisher, distributor, etc. Armand Colin,
Date of publication, distribution, etc. 1969
300 ## - PHYSICAL DESCRIPTION
Extent 508 páginas :
Other physical details gráficos a blanco y negro ;
Dimensions 18 cm.
490 0# - SERIES STATEMENT
Series statement Collection U
504 ## - BIBLIOGRAPHY, ETC. NOTE
Bibliography, etc. note Bibliografía: páginas 480-487
505 0# - FORMATTED CONTENTS NOTE
Formatted contents note Propos de départ : recherche scientifique et activité économique -- Problémes généraux. Notions et données de base -- Plan scientifique. Politique scientifique
650 14 - SUBJECT ADDED ENTRY--TOPICAL TERM
Topical term or geographic name entry element Economía
9 (RLIN) 4894
942 ## - ADDED ENTRY ELEMENTS (KOHA)
Source of classification or shelving scheme Dewey Decimal Classification
Koha item type Books
Existencias
Withdrawn status Lost status Source of classification or shelving scheme Damaged status Not for loan Collection code Home library Current library Date acquired Source of acquisition Cost, normal purchase price Total Checkouts Full call number Barcode Date last seen Copy number Koha item type
    Dewey Decimal Classification     Non-fiction Biblioteca Pública José María del Castillo y Rada Biblioteca Pública José María del Castillo y Rada 04/15/2018 Donación 0.00   330.007 / P461r 430001693 05/16/2024 Ej.1 Books